Skip to content
VuFind
Login
All Fields
Title
Author
Subject
Call Number
ISBN/ISSN
Tag
Find
Advanced
Siddhath
Cite this
Text this
Email this
Print
Export Record
Export to RefWorks
Export to EndNoteWeb
Export to EndNote
Export to MARC
Export to BibTeX
Export to RIS
Save to List
Permanent link
Siddhath
Saved in:
Bibliographic Details
Main Author:
Hilda Rosner
Format:
Book
Language:
Undetermined
Tags:
Add Tag
No Tags, Be the first to tag this record!
Holdings
Description
Comments
Similar Items
Staff View
MARC
LEADER
00000nam a2200000Ia 4500
008
180704s9999 xx 000 0 und d
082
|a
823
100
|a
Hilda Rosner
245
|a
Siddhath
942
|c
BK
999
|c
7128
|d
7128
Similar Items
First Look at Quattro Pro 2.0/3.0/
by: Rosner, Lisa
Swindle Howa man named John Grambling,JR cheated Bank out of Millions/
by: Rosner,Brian
Published: (1990)
Using quattro pro 2.0/3.0
by: Rosner,Lisa
Published: (1993)
Gray Matters /
by: Rosner, Bob
Daily News Cookery Books
by: Deutrom Hilda